Hartmann Ede pedagógiai nézetei

Elmentve itt :
Bibliográfiai részletek
Szerző: Szelényi Ödön
Dokumentumtípus: Cikk
Megjelent: 1916
Sorozat:Magyar pedagógia : a Magyar Tudományos Akadémia Pedagógiai Bizottságának folyóirata 25
Kulcsszavak:Hartmann Ede, Nevelésfilozófia, Hartmann Ede, Nevelésfilozófia
Online Access:http://misc.bibl.u-szeged.hu/9575
LEADER 00696nab a2200181 i 4500
001 misc9575
005 20191106143441.0
008 170607s1916 hu o 0|| hun d
022 |a 0025-0260 
040 |a SZTE Miscellanea Repozitórium  |b hun 
041 |a hun 
100 1 |a Szelényi Ödön 
245 1 0 |a Hartmann Ede pedagógiai nézetei  |h [elektronikus dokumentum] /  |c  Szelényi Ödön 
260 |c 1916 
300 |a 182-191 
490 0 |a Magyar pedagógia : a Magyar Tudományos Akadémia Pedagógiai Bizottságának folyóirata  |v 25 
695 |a Hartmann Ede, Nevelésfilozófia, Hartmann Ede, Nevelésfilozófia 
856 4 0 |u http://misc.bibl.u-szeged.hu/9575/1/mp_1916_2333_182-191.pdf  |z Dokumentum-elérés